ARRUPE JESUIT UNIVERSITY

CORONAVIRUS -STOP THE SPREAD - CLEAN,DISINFECT,COVER

Models : (Record no. 122700)

MARC details
000 -LEADER
fixed length control field 01213cam a2200373 i 4500
001 - CONTROL NUMBER
control field 95699
003 - CONTROL NUMBER IDENTIFIER
control field ARRUPE
005 - DATE AND TIME OF LATEST TRANSACTION
control field 20150528132335.0
008 - FIXED-LENGTH DATA ELEMENTS--GENERAL INFORMATION
fixed length control field 820902s1979 ne b 001 0 eng
010 ## - LIBRARY OF CONGRESS CONTROL NUMBER
LC control number 79010004
020 ## - INTERNATIONAL STANDARD BOOK NUMBER
International Standard Book Number 9027707367
020 ## - INTERNATIONAL STANDARD BOOK NUMBER
International Standard Book Number 9027709475 (pbk.)
035 ## - SYSTEM CONTROL NUMBER
System control number (OCoLC)4775354
035 ## - SYSTEM CONTROL NUMBER
System control number (OCoLC)ocm04775354
035 ## - SYSTEM CONTROL NUMBER
System control number (CStRLIN)NYCG82-B38165
035 ## - SYSTEM CONTROL NUMBER
System control number (NNC)95699
040 ## - CATALOGING SOURCE
Transcribing agency Arrupe
050 0# - LIBRARY OF CONGRESS CALL NUMBER
Classification number Q175.3.M689
082 ## - DEWEY DECIMAL CLASSIFICATION NUMBER
Classification number 501 s
-- 501/.84
090 ## - LOCALLY ASSIGNED LC-TYPE CALL NUMBER (OCLC); LOCAL CALL NUMBER (OCLC)
Classification number (OCLC) (R) ; Classification number, CALL (RLIN) (NR) Q174
Local cutter number (OCLC) ; Book number/undivided call number, CALL (RLIN) .B67 vol. 48
300 ## - PHYSICAL DESCRIPTION
Dimensions 23 cm.
100 1# - MAIN ENTRY--PERSONAL NAME
Personal name Wartofsky, Marx W.
9 (RLIN) 14126
245 10 - TITLE STATEMENT
Title Models :
Remainder of title representation and the scientific understanding /
Statement of responsibility, etc Marx W. Wartofsky.
260 ## - PUBLICATION, DISTRIBUTION, ETC. (IMPRINT)
Place of publication, distribution, etc Dordrecht, Holland ;
-- Boston :
Name of publisher, distributor, etc D. Reidel Pub. Co.,
Date of publication, distribution, etc c1979.
300 ## - PHYSICAL DESCRIPTION
Extent xxvi, 390 p. ;
490 1# - SERIES STATEMENT
Series statement Boston studies in the philosophy of science ;
Volume number/sequential designation v. 48
490 1# - SERIES STATEMENT
Series statement Synthese library ;
Volume number/sequential designation v. 129
504 ## - BIBLIOGRAPHY, ETC. NOTE
Bibliography, etc Includes bibliographical references and indexes.
650 #0 - SUBJECT ADDED ENTRY--TOPICAL TERM
Topical term or geographic name as entry element Science
General subdivision Methodology.
9 (RLIN) 17295
650 #0 - SUBJECT ADDED ENTRY--TOPICAL TERM
Topical term or geographic name as entry element Science
General subdivision Philosophy.
9 (RLIN) 17296
830 #0 - SERIES ADDED ENTRY--UNIFORM TITLE
Uniform title Boston studies in the philosophy of science ;
Volume number/sequential designation v. 48.
9 (RLIN) 17297
830 #0 - SERIES ADDED ENTRY--UNIFORM TITLE
Uniform title Synthese library ;
Volume number/sequential designation v. 129.
9 (RLIN) 8192
942 ## - ADDED ENTRY ELEMENTS (KOHA)
Source of classification or shelving scheme Library of Congress Classification
Koha item type Monograph ( Printed materials)
Holdings
Withdrawn status Lost status Source of classification or shelving scheme Damaged status Not for loan Collection code Home library Current library Shelving location Date acquired Total Checkouts Full call number Barcode Date last seen Price effective from Koha item type
    Library of Congress Classification     Main Collection ARRUPE LIBRARY ARRUPE LIBRARY Main Collection 16/04/2015   Q175 .3.M689 46500002434 03/07/2019 16/04/2015 Monograph ( Printed materials)

 

Arrupe Library. PO Box MP320 Mt Pleasant, Harare, Zimbabwe
263 242 745411|librarian@aju.ac.zw